000 02584cad a22002895a 4500
001 E146745
008 090224s2009 stk f s000 0 eng d
020 _a9780755974207
022 1 _a0141-514X
035 _a(Sirsi) u146745
041 0 _aeng
050 0 4 _a711.1 $2 18
110 2 _aScotland
_bScottish Government
_95344
245 0 0 _aDevelopment planning
_bplanning circular 1 2009
_h[electronic resource]
260 _aEdinburgh
_bScottish Government
_c2009
490 0 _aPlanning Circular
_v(1/2009)
505 2 _aIntroduction: priorities for development plans -- Sustainable development -- Development plan schemes -- Strategic development plans: monitoring and the evidence base; form and content; plan preparation; engagement and the main issues report; the proposed plan; modifications; submission to Scottish Ministers; examination; approval or rejection; publication of and publicity for the approved plan -- Local development plans: monitoring and the evidence base; form and content; plan preparation; engagement and the main issues; report; publicity; the proposed plan; modifications; submission to Scottish Ministers; examination; adoption -- Development plan examinations: appointment of a person to examine the plan; examination of conformity with the participation statement; scope of examination; examination procedure and further representations; post-examination Procedures; costs and administration -- Procedures where the appointed person concludes that authorities have undertaken unsatisfactory consultation -- Action programmes -- Supplementary guidance -- Key agencies -- Default powers -- Transitional arrangements -- Revocations
520 _aThe Town and Country Planning (Scotland) Act 1997, as amended by Part 2 of the Planning etc. (Scotland) Act 2006, contains procedures to be followed when preparing development plans, and sets out powers to prepare regulations to give further detail on the development planning system. This Circular describes how these aspects work together, gives a description of the legal requirements, and explains the expectations of Scottish Ministers for the key parts of the process.
521 _aAdvanced
590 _aKA
650 1 4 _aTOWN AND COUNTRY PLANNING (SCOTLAND) ACT 1997
650 2 4 _aPLANNING ETC. (SCOTLAND) ACT 2006
651 4 _aScotland
_y1999-
690 _aENVIRONMENTAL AND LAND CONSULTANCY-PLANNING AND DEVELOPMENT-PLANNING GUIDANCE
856 4 0 _uhttps://www.scotland.gov.uk/Publications/2009/02/13153723/0
_zView the circular free of charge at www.scotland.gov.uk...
942 _n0
999 _c109277
_d109277